000 00339nam a2200133Ia 4500
005 20260328104308.0
008 260328s9999||||xx |||||||||||||| ||und||
100 _aGund Hall, George
245 4 _aThe Harvard Architecture Review /
_cGeorge Gund Hall
260 _bBob stern
300 _a192 p.
650 _aARQUITECTURA
942 _cBK
999 _c10856
_d10856